000 00186nam a2200073Ia 4500
008 170524s9999 xx 000 0 und d
100 _aRAO- A.B
245 0 _aBUSINESS ETHICS & PROFESSIONAL VALUES
260 _bEXCEL BOOKS
999 _c8191
_d8191